000 00584cam a2200181 4500500
005 20260322013859.0
041 _afre
042 _adc
100 1 0 _aEchalier, Cécile
_eauthor
700 1 0 _aMehdi, Ahmad
_eauthor
700 1 0 _aMartinez, Jean
_eauthor
700 1 0 _aSubra, Gilles
_eauthor
245 0 0 _aCollagen-based biomaterials for healthcare applications
260 _c2026.
500 _a11
786 0 _nHealthcare technologies | - | 2026-03-05 | p. 11-11
856 4 1 _uhttps://stm.cairn.info/biomaterials--bdti42606210-med7150-page-11?lang=en&redirect-ssocas=7080
999 _c1784374
_d1784374